01165nam a2200229Ia 4500001000700000008004100007082002300048110011000071245015500181260011400336300001100450503002100461504002700482650006600509710011300575901002300688902000600711905006300717942000600780999001900786952013000805Z_6191220601s9999 xx 000 0 und d aC 636.0981078 U536 aUNAM. Facultad de Medicina Veterinaria y Zootecnia. Departamento de Fisiología y Farmacología9144087 aManual de laboratorio de fisiología veterinaria / UNAM. Facultad de Medicina Veterinaria y Zootecnia. Departamento de Fisiología y Farmacología  aMéxico : UNAM : Facultad de Medicina Veterinaria y Zootecnia, Departamento de Fisiología y Farmacología a144 p. aej.1: Donación aIncluye bibliografía a1. Fisiología Veterinaria - Manuales de laboratorio9183312 aUNAM. Facultad de Medicina Veterinaria y Zootecnia. Departamento de Fisiología y FarmacologíaÌ9183313 aC 636.0981078 U536 aM a523224[s.f.] mx an 8212223322spa16 c1 c217087d217087 00102ddc4051708CaZbZd2012-06-21eDonaciónl0oC 636.0981078 U536pz_4466r2022-06-02 00:00:00t1w2022-06-02yLIBRO